| 000 | 00402pab a2200157 454500 | ||
|---|---|---|---|
| 008 | 180718b2000 xxu||||| |||| 00| 0 eng d | ||
| 100 | _aSrivastava, Sanjay | ||
| 245 | _aConcepts of culture and organisational analysis: a perspective | ||
| 260 | _c2000 | ||
| 300 | _ap.32-42 | ||
| 650 | _aCorporate culture | ||
| 650 | _aManagement | ||
| 650 | _aOrganizations | ||
| 773 | _aVision | ||
| 909 | _a47409 | ||
| 999 |
_c47409 _d47409 |
||